The Rama tree in the Wayang Siam /
محفوظ في:
| المؤلف الرئيسي: | |
|---|---|
| التنسيق: | أطروحة كتاب |
| اللغة: | English |
| منشور في: |
1970.
|
| الموضوعات: | |
| الوسوم: |
إضافة وسم
لا توجد وسوم, كن أول من يضع وسما على هذه التسجيلة!
|
| LEADER | 00815cam a2200265 4500 | ||
|---|---|---|---|
| 001 | u85099 | ||
| 003 | SIRSI | ||
| 008 | 900224s1970 uk ab v 00 1 eng m | ||
| 035 | |a AAJ-2511 | ||
| 040 | |a UMM | ||
| 043 | |a a-my--- |a a-my-kn | ||
| 090 | |a PN2904.5 |b W56Swe | ||
| 100 | 1 | 0 | |a Sweeney, Amin. |
| 245 | 1 | 4 | |a The Rama tree in the Wayang Siam / |c by Patrick Louis Sweeney. |
| 260 | |c 1970. | ||
| 300 | |a 564 leaves : |b ill., map ; |c 31 cm. | ||
| 502 | |a Thesis (Ph.D.) -- University of London, 1970. | ||
| 504 | |a Bibliography: leaves 559-56. | ||
| 650 | 0 | |a Shadow shows |z Kelantan. | |
| 650 | 0 | |a Wayang plays. | |
| 651 | 0 | |a Kelantan. | |
| 690 | |a Wayang Siam. | ||
| 948 | |a 17/03/1991 |b 09/07/2003 | ||
| 596 | |a 1 | ||
| 999 | |a PN2904.5 W56SWE |w LC |c 1 |i A010681980 |d 15/4/2014 |e 15/4/2014 |l STACKS |m P01UTAMA |n 6 |r Y |s Y |t TESIS |u 23/1/1992 | ||
